01851nam a22003734a 4500001001200000003000800012006001900020007001500039008004100054010001700095020002500112020002200137020002400159020002100183040002100204035002100225043001200246050002500258110009900283245028900382260005800671300003700729504005300766533015200819650004800971650003301019650007201052650005101124650007801175650005201253655002901305710001701334856012601351ebr10194194CaPaEBRm u cr cn|||||||||070524s2007 dcua sb 000 0 eng  z 2007929585 z9780309108096 (pbk.) z0309108098 (pbk.) z9780309108102 (pdf) z0309108101 (pdf) aCaPaEBRcCaPaEBR a(OCoLC)290480189 an-us---14aTD795.7b.N36 2007eb2 aNational Research Council (U.S.).bCommittee to Assess the Performance of Engineered Barriers.10aAssessment of the performance of engineered waste containment barriersh[electronic resource] /cCommittee to Assess the Performance of Engineered Barriers, Board on Earth Sciences and Resources, Division on Earth and Life Studies, National Research Council of the National Academies. aWashington, D.C. :bNational Academies Press,cc2007. axii, 121 p. :bill. (some col.). aIncludes bibliographical references (p. 99-109). aElectronic reproduction.bPalo Alto, Calif. :cebrary,d2013.nAvailable via World Wide Web.nAccess may be limited to ebrary affiliated libraries. 0aEngineered barrier systems (Waste disposal) 0aSanitary landfillsxLinings. 0aWaste disposal in the groundxEnvironmental aspectszUnited States. 0aWaste disposal sitesxDesign and construction. 0aLow level radioactive waste disposal facilitiesxDesign and construction. 0aHazardous waste sitesxDesign and construction. 7aElectronic books.2local2 aebrary, Inc.40uhttp://site.ebrary.com/lib/rucke/Doc?id=10194194zAn electronic book accessible through the World Wide Web; click to view